Statystyki dla Fantasy Premier League 23/24

Kliknij tutaj aby rozwiązać quiz!

Ogólne statystyki

  • Ten quiz został rozwiązany 29 razy
  • Średni wynik to 11 z 20

Statystyki odpowiedzi

HintOdpowiedź% Poprawnych
ArsenalSaka
96%
Man CityHaaland
92%
LiverpoolSalah
92%
Man UnitedRashford
88%
SpursSon
84%
Aston VillaWatkins
84%
BrentfordMbeumo
76%
AFC BornemouthSolanke
76%
Crystal PalaceEze
64%
West HamBowen
60%
ChelseaNkunku
60%
NewcastleWilson
60%
BrightonMarch
44%
Nottingham ForestAwoniyi
40%
Luton TownMorris
36%
WolvesCunha
28%
BurnleyAmdouni
24%
Sheffield UnitedArcher
20%
FulhamAndreas Pereira
8%
EvertonDoucoure
8%

Rozkład punktacji

Percentyl według liczby udzielonych odpowiedzi

Procent ludzi z każdym wynikiem

Twoja historia wyników

Nie rozwiązałeś tego quizu